<?xml version="1.0" encoding="UTF-8"?>
<record
    xmlns:xsi="http://www.w3.org/2001/XMLSchema-instance"
    xsi:schemaLocation="http://www.loc.gov/MARC21/slim http://www.loc.gov/standards/marcxml/schema/MARC21slim.xsd"
    xmlns="http://www.loc.gov/MARC21/slim">

  <leader>01806nas a2200277Ia 4500</leader>
  <controlfield tag="001">R050-S2021</controlfield>
  <controlfield tag="003">IT-CnALBA</controlfield>
  <controlfield tag="008">170116c99999999xx ||||||||||||   ||und||</controlfield>
  <datafield tag="040" ind1=" " ind2=" ">
    <subfield code="a">IT-CnALBA</subfield>
    <subfield code="c">IT-CnALBA</subfield>
  </datafield>
  <datafield tag="041" ind1=" " ind2=" ">
    <subfield code="a">LATINO </subfield>
  </datafield>
  <datafield tag="100" ind1=" " ind2=" ">
    <subfield code="a">MAROTO FILIPPO, CMF.</subfield>
  </datafield>
  <datafield tag="210" ind1=" " ind2=" ">
    <subfield code="a">COMMENTARIUM PRO RELIGIOSIS</subfield>
  </datafield>
  <datafield tag="222" ind1=" " ind2=" ">
    <subfield code="a">COMMENTARIUM PRO RELIGIOSIS</subfield>
  </datafield>
  <datafield tag="245" ind1=" " ind2="0">
    <subfield code="a">COMMENTARIUM PRO RELIGIOSIS. GENNAIO 1927 DICEMBRE 1928. ANNO VIII-IX. </subfield>
  </datafield>
  <datafield tag="250" ind1=" " ind2=" ">
    <subfield code="a">1a ed.</subfield>
  </datafield>
  <datafield tag="260" ind1=" " ind2=" ">
    <subfield code="a"> ROMA</subfield>
    <subfield code="b">VATICANA - LIBR. EDITR. POLIGL. </subfield>
    <subfield code="c">1928 [1&#xB0; Ed.:1928 - Ed.Ling.Originale: 1928]</subfield>
  </datafield>
  <datafield tag="300" ind1=" " ind2=" ">
    <subfield code="a">80 p. </subfield>
  </datafield>
  <datafield tag="310" ind1=" " ind2=" ">
    <subfield code="a">MENSILE</subfield>
  </datafield>
  <datafield tag="362" ind1=" " ind2=" ">
    <subfield code="a">Fascicolo: 1-12 / Anno: 9 (1928)</subfield>
  </datafield>
  <datafield tag="500" ind1=" " ind2=" ">
    <subfield code="a">RIVISTA DEI MISSIONARI DEL CUORE IMMACOLATO DI MARIA. ANNATA 1927 1928. STATUTO DELLA PIA CONSOCIAZIONE. GRAZIE ELARGITE. NOTE. SAGRA CONGREGAZIONE DEI RELIGIOSI. CENTENARIO DEI FRANCESCANI. SACRA CONGREGAZIONE DEI RITI. COMMENTO CODICE 506. CONSULTAZIONI, GOYENECHE S. POTEST&#xC0; PARROCCHIALE SUI RELIGIOSI. REVISIONE DELLA VOLGATA CLEMENTINA,. STUDI VARI. PEINADOR M. IL SEPOLCRO DI S. FRANCESCO. ONORI PER IL CENTENARIO DI S. LUIGI. CRONACA. SEZIONE BIBLIOGRAFICA. </subfield>
  </datafield>
  <datafield tag="501" ind1=" " ind2=" ">
    <subfield code="a">Societ&#xE0; San Paolo EM - Piazza San Paolo, 14 - 12051 ALBA (CN)  (non commercial uses only) &#xAE; Copyright 2017</subfield>
  </datafield>
  <datafield tag="520" ind1=" " ind2=" ">
    <subfield code="a">RIVISTA DEI MISSIONARI DEL CUORE IMMACOLATO DI MARIA. ANNATA 1927 1928. STATUTO DELLA PIA CONSOCIAZIONE. GRAZIE ELARGITE. NOTE. SAGRA CONGREGAZIONE DEI RELIGIOSI. CENTENARIO DEI FRANCESCANI. SACRA CONGREGAZIONE DEI RITI. COMMENTO CODICE 506. CONSULTAZIONI, GOYENECHE S. POTEST&#xC0; PARROCCHIALE SUI RELIGIOSI. REVISIONE DELLA VOLGATA CLEMENTINA,. STUDI VARI. PEINADOR M. IL SEPOLCRO DI S. FRANCESCO. ONORI PER IL CENTENARIO DI S. LUIGI. CRONACA. SEZIONE BIBLIOGRAFICA. </subfield>
  </datafield>
  <datafield tag="650" ind1=" " ind2=" ">
    <subfield code="a">MISSIOLOGIA</subfield>
  </datafield>
  <datafield tag="942" ind1=" " ind2=" ">
    <subfield code="c">CR</subfield>
  </datafield>
  <datafield tag="957" ind1=" " ind2=" ">
    <subfield code="7">1</subfield>
  </datafield>
  <datafield tag="999" ind1=" " ind2=" ">
    <subfield code="a">63919</subfield>
    <subfield code="b">SI </subfield>
    <subfield code="g">1</subfield>
    <subfield code="c">330619</subfield>
    <subfield code="d">330619</subfield>
  </datafield>
  <datafield tag="952" ind1=" " ind2=" ">
    <subfield code="0">0</subfield>
    <subfield code="1">0</subfield>
    <subfield code="4">0</subfield>
    <subfield code="6">R_050S2021</subfield>
    <subfield code="7">1</subfield>
    <subfield code="a">ALBA</subfield>
    <subfield code="b">ALBA</subfield>
    <subfield code="d">2017-01-16</subfield>
    <subfield code="l">0</subfield>
    <subfield code="o">R050-S2021</subfield>
    <subfield code="r">2017-01-16 00:00:00</subfield>
    <subfield code="w">2017-01-16</subfield>
    <subfield code="y">CR</subfield>
    <subfield code="z">(data import: 16 gennaio 2017) - By Epidotti, Vaglietti. </subfield>
  </datafield>
</record>
